000 00580nam a2200181 a 4500
001 000030505
005 20200930062341.0
008 110523s2011 dr ac 000 0 spa d
020 _a0965015467
040 _aDO-SdBNP
_bspa
_cBNPHU
082 _axxx
_bR621e
100 1 _aRivera, Danny
_d1945-
_957127
245 1 0 _a21590069 enamorado de la paz :
_bdiario en una cárcel federal /
_cDanny Rivera.
260 _aSanto Domingo :
_bMakarios,
_c2011.
300 _a112 p. :
_bil., retr. ;
_c28 cm.
500 _aIncluye datos biográficos del autor en la contraportada
049 _aBNPD
999 _c29997
_d29997